000 00676nam a22001817a 4500
003 OSt
005 20241129112212.0
008 241129b |||||||| |||| 00| 0 eng d
020 _a0406850968
040 _cCentral University Library
245 _aThe All England Law Reports 1970 Vol. 1
_cEditor: Paul H Niekirk MA (of Gray's Inn, Barrister-at-Law)
260 _aLondon, United Kingdom
_bButterworth & Co. (Publishers) Ltd.
_c1970
300 _alii, 1248 pages
_c23.5 cm
490 _3Law Reports
500 _aTHE ALL ENGLAND LAW REPORTS INCORPORATING THE LAW TIMES REPORTS AND LAW JOURNAL REPORTS - 1970 VOLUME 1.
600 _2Law Reports
_xEngland
942 _2lcc
_cBK
_n0
999 _c1738
_d1738